000 00628nam a2200241Ia 4500
003 OSt
005 20220912150527.0
006 a|||||r|||| 00| 0
007 ta
008 220909b |||||||| |||| 00| 0 eng d
024 _a40436
037 _cTextual
040 _aCSL
_beng
_cCSL
041 _aeng
082 _aE:219, M5
100 _aSadlej Joanna
245 0 _aSemi-empirical methods of quantum chemsitry
260 _aWarszawa
_bPolish Scientifc
_c1985
300 _axiv,386p.
_ccm.
650 _aQuantum chemistry
942 _hE:219, M5
_cTEXL
_2CC
999 _c49411
_d49411